Movies Quiz

Random Movies or Animal Quiz

Movie Pets Quiz Stats

 Plays Quiz Updated Jul 12, 2016

Also try: Animal Movies
Challenge
Share
Tweet
Score 0/20 Timer 06:00
1 Play Today
% Correct
Garfield: The Movie
96.8%
The Peanuts Movie
91.4%
Harry Potter and the Sorcerer's Stone
87.9%
Charlotte's Web
85.5%
Bolt
84.9%
The Wizard of Oz
84.3%
Up
84.1%
Marley & Me
82.9%
Beethoven
80.9%
Underdog
75.6%
% Correct
Legally Blonde
71.4%
Turner & Hooch
65.9%
Homeward Bound: The Incredible Journey
64.1%
The Nightmare Before Christmas
61.5%
Tangled
61.1%
Mulan
60.2%
Cinderella
58.5%
War Horse
57.7%
Frankenweenie
54%
The Artist
25.3%

You're not logged in!

Compare scores with friends on all Sporcle quizzes.
OR
Log In

You Might Also Like...

Show Comments

Extras

Top Quizzes Today


Score Distribution

Your Account Isn't Verified!

In order to create a playlist on Sporcle, you need to verify the email address you used during registration. Go to your Sporcle Settings to finish the process.

Report this User

Report this user for behavior that violates our Community Guidelines.

Details: